Andréa et les quatre religions (Record no. 13917)

MARC details
010 ## - Numéro international normalisé du livre (ISBN)
ISBN 2742752722
Disponibilité et/ou prix 8 EUR
099 ## - Visibilité opac
notice masquée en opac Non
100 ## - Données générales de traitement
Données générales de traitement 20041215d2004 m y0frey50 ba
101 0# - Langue de la ressource
Langue du texte, de la bande son, etc. français
102 ## - Pays de publication ou de production
Pays de publication France
200 1# - Titre et mention de responsabilité
Titre propre Andréa et les quatre religions
Indication générale du type de document Livre
215 ## - Description physique
Nombre de pages 1 vol. (42 p.)
225 2# - Collection
Titre de la collection Actes Sud-Papiers
330 ## - Résumé ou extrait
Texte de la note Les quatre membres d'une famille : le père, la mère, le fils, la fille. Adultes, ils vivent chacun séparément mais se rendent visite, concluent des alliances momentanées, se confessent, s'affrontent, se souviennent, prennent le public à témoin. Jusqu'au jour où un repas commun dans une ville de thermes, en terrain neutre, les confronte à une serveuse, Andréa, révélateur de leurs fantasmes de liberté et figure emblématique de leurs manques avant de devenir leur victime... accidentelle ?
700 #1 - Auteur principal
Nom Nordmann
Prénom Jean-Gabriel
105 ## - Zone de données codées : textes, monographies
Données codées sur les monographies textuelles y ||||000by
181 ## - Zone de données codées : Forme de la ressource
Données de liaison entre champs z01
Autre référentiel utilisé pour coder la forme du contenu texte
Code du référentiel rdacontent
181 #1 - Zone de données codées : Forme de la ressource
Données de liaison entre champs z01
Forme du contenu selon l’ISBD sous forme codée i#
Qualificatif(s) du contenu selon l’ISBD sous forme codée xxxe##
182 ## - Zone de données codées : type de média
Données de liaison entre champs z01
Autre référentiel utilisé pour coder le type de médiation sans média
Code du référentiel rdamedia
182 #1 - Zone de données codées : type de média
Données de liaison entre champs z01
Type de médiation selon l’ISBD sous forme codée sans média
210 ## - Publication, diffusion, etc.
Lieu de publication, de diffusion, etc. Arles
Nom de l'éditeur, du diffuseur, etc. Actes Sud-Papiers
Date de publication, de diffusion, etc. 2004
Lieu de fabrication 42-Saint-Étienne
Nom du fabricant Impr. Dumas-Titoulet
215 ## - Description physique
Autres caractéristiques matérielles couv. ill. en coul.
Dimensions 21 cm
225 2# - Collection
ISSN de la collection 0298-0592
345 ## - Note d'acquisition
Numéro d'éditeur 9782742752720
410 ## - Collection
Identifiant de la notice bibliographique liée 001021583
410 ## - Collection
Titre de l'oeuvre Théâtre (Paris. 1985)
ISSN 0298-0592
608 ## - Vedette de Forme, Genre ou Caractéristiques physiques
Identifiant de la notice d'autorité 027814157
Élément d'entrée Théâtre (genre littéraire) français
Identifiant de la notice d'autorité 050665391
Subdivision chronologique 2000-....
Code du format utilisé rameau
676 ## - Classification décimale de Dewey
Indice 842.914 oeuvre
Édition 21
686 ## - Autres numéros de classification
Indice 802
Code du format utilisé Cadre de classement de la Bibliographie nationale française
700 #1 - Auteur principal
Identifiant de la notice d'autorité 029113148
Code de fonction Auteur
801 #3 - Origine de la notice
Pays FR
Agence de catalogage Abes
Date de la transaction 20230116
Règles de catalogage utilisées AFNOR
801 #0 - Origine de la notice
Pays FR
Agence de catalogage BNF
Date de la transaction 20041215
Règles de catalogage utilisées AFNOR
Code du format utilisé intermrc
000 -Etiquette de la notice
Leader 01927cam0a2200457 4500
003 - Identifiant de la notice
Identifiant http://www.sudoc.fr/084192747
005 - Identifiant de la version
Identifiant 20250904151913.0
021 ## - Numéro de dépôt légal
Code de pays France
Indice DLE-20041215-58683
033 ## - Identifiant pérenne dans d’autres systèmes
Identifiant de la notice http://catalogue.bnf.fr/ark:/12148/cb39293658h
035 ## - Identifiant de la notice dans un autre système
Identifiant de la notice dans un autre système (OCoLC)419796140
035 ## - Identifiant de la notice dans un autre système
Identifiant de la notice dans un autre système FRBNF392936580000004
Numéro erroné ou annulé FRBNF39293658
035 ## - Identifiant de la notice dans un autre système
Identifiant de la notice dans un autre système 776255
Holdings
Exclu du prêt Date de création Site actuel Code barre Date prix de remplacement Cote Statut Site de rattachement Type de document Koha
  04.09.2025 Théâtre Joliette JOL-007616 04.09.2025 TH NOR 5   Théâtre Joliette Livre